• 首页
  • 本馆介绍
  • 公告通知
  • 最新文献
  • 馆藏检索
  • 电子资源
  • 读者导购
  • 参考咨询
  • 我的图书馆
  • 登录
  • 详细信息显示
  • 放入我的书架
  • 预约/预借图书
  • 作者相关作品
  • 分类相关作品
  • 丛书相关作品
  • 出版社相关作品

书目信息

  • 表格格式
  • 工作单格式
  • 卡片格式
题名:
生物防治
    
 
作者: 梅森杰 , 博希 著
分册:  
出版信息: 北京   科学出版社  1977
页数: 168页
开本: 19cm
丛书名:
单 册:
中图分类: S476
科图分类:
主题词: 生物防治-植物保护 , 植物保护-生物防治
电子资源:
ISBN:
000 00640nam0 2200241 45
001 0177002682
005 20060728090215.26
010    @dCNY0.52
100    @a19951030d1977 em y0chiy0121 ea
101 1  @achi@ceng
102    @aCN@b110000
105    @ay z 000yy
200 10 @a生物防治@Asheng wu fang zhi@f(美)R.博希, P.S.梅森杰著
210    @a北京@c科学出版社@d1977
215    @a168页@d19cm
606    @a生物防治-植物保护
606    @a植物保护-生物防治
690    @aS476@v3
701  1 @a梅森杰@Amei sen jie@bP.S.@4著
701  1 @a博希@Abo xi@bR.@4著
801  2 @aCN@bNLC@c20060728
801  0 @aCN@bTSSF
905    @a10447@dS476@e29
    
    生物防治/(美)R.博希, P.S.梅森杰著.-北京:科学出版社,1977
    168页;19cm
    
    
    ISBN :CNY0.52
    
●
相关链接 在E读中查询图书 在五车中查询图书 在当当中查询图书 在豆瓣中查询图书


正题名:生物防治     索取号:S476/29         预约/预借

序号 登录号 条形码 馆藏地/架位号 状态 备注
1 0438940   204389401   密集书库/ [索取号:S476/29] 在馆    
唐山师范学院图书馆 欢迎您!
大连网信软件有限公司© 版权所有